[Event "Nuremberg Zabo op 07th"]
[Site "Nuremberg"]
[Date "2005.09.24"]
[Round "3"]
[White "Raven, Detlef"]
[Black "Baur, Stephan"]
[Result "0-1"]
[WhiteElo "1341"]
[BlackElo "1488"]
[PlyCount "141"]
[EventDate "2005.09.23"]
[EventType "swiss"]
[EventRounds "5"]
[EventCountry "GER"]
[SourceTitle "EXT 2012"]
[Source "ChessBase"]
[SourceDate "2011.11.24"]
[SourceVersion "1"]
[SourceVersionDate "2011.11.24"]
[SourceQuality "1"]

1. d4 f5 2. Nf3 Nf6 3. Nc3 e6 4. e3 b6 5. Be2 Bb7 6. a3 Be7 7. h3 0-0 8. Bc4 d5 9. Be2 c5 10. 0-0 Ne4 11. Ne5 Nc6 12. f4 Nxe5 13. Nxe4 Ng6 14. Ng3 Bh4 15. Kh2 Bxg3+ 16. Kxg3 Qh4+ 17. Kh2 Nh8 18. Rg1 g5 19. g3 Qh6 20. fxg5 Qxg5 21. e4 Qe7 22. e5 Ng6 23. c3 Kh8 24. Bh6 Rf7 25. Bh5 cxd4 26. cxd4 Rc8 27. Qd2 Rc4 28. Rac1 Qd8 29. Bg5 Qe8 30. Bxg6 hxg6 31. Bf6+ Kg8 32. Qg5 Rfc7 33. Qh6 Rh7 34. Qf4 Qb5 35. Rg2 Qa4 36. Qg5 Qe8 37. Rgc2 Rh5 38. Qd2 Qa4 39. Rxc4 dxc4 40. Qb4 Qxb4 41. axb4 b5 42. Ra1 a6 43. Be7 g5 44. Rg1 Kf7 45. Bf6 Kg6 46. g4 fxg4 47. Rxg4 Bf3 48. Rg3 g4 49. h4 Kf5 50. Kg1 Ke4 51. Kf2 Kxd4 52. Rxf3 gxf3 53. Kxf3 Kd3 54. Kg4 Rh7 55. h5 Kc2 56. Kg5 Kxb2 57. h6 c3 58. Kg6 c2 59. Bg5 Rh8 60. h7 Rc8 61. Kg7 Kc3 62. h8Q Rxh8 63. Kxh8 Kxb4 64. Kg7 Kc4 65. Kf6 Kd5 66. Bc1 b4 67. Bb2 a5 68. Kg5 a4 69. Kf4 a3 70. Bc1 a2 71. Bb2 0-1